000 00411nam a2200169Ia 4500
001 6650
003 IN-NITTTR
005 20251114233021.0
008 251113s9999||||xx |||||||||||||| ||eng||
040 _beng
040 _cIN-NITTTR
041 _aeng
082 _a423.91 R
100 _aPathak, R. C.
245 0 _aBhargava's standard illustrated dictionary(Hindi-English) /
_cPathak, R. C.
942 _2ddc
_cBK
999 _c9288
_d9288